Tây du ký, tập 2
Saved in:
| Format: | Book |
|---|---|
| Published: |
2007
|
| Tags: |
Add Tag
No Tags, Be the first to tag this record!
|
| Institutions: | Mạng thư viện Đại học Đà Nẵng |
|---|
| LEADER | 00430nam a22001811a 4500 | ||
|---|---|---|---|
| 001 | 000040791 | ||
| 003 | 17086 | ||
| 005 | 20160412023357.0 | ||
| 008 | 160412s2007 000 | ||
| 082 | |a N23183-84 | ||
| 245 | |a Tây du ký, tập 2 |c Ngô Thừa Ân | ||
| 260 | |c 2007 | ||
| OWN | |a LNN | ||
| 999 | |a From the UDN01 | ||
| TYP | |a Monograph | ||
| 980 | |a Mạng thư viện Đại học Đà Nẵng | ||